[Event "NED-chT 1819"]
[Site "Netherlands"]
[Date "2018.12.15"]
[Round "5.7"]
[White "Klein, David"]
[Black "Hachijan, Armen"]
[Result "1-0"]
[WhiteElo "2492"]
[BlackElo "2294"]
[PlyCount "81"]
[EventDate "2018.09.15"]
[EventType "team-tourn"]
[EventRounds "9"]
[EventCountry "NED"]
[SourceTitle "CBM 189 Extra"]
[Source "ChessBase"]
[SourceDate "2019.06.03"]
[SourceVersion "1"]
[SourceVersionDate "2019.06.03"]
[SourceQuality "1"]
[WhiteTeam "Kennemer Combinatie"]
[BlackTeam "Apeldoorn MuConsult"]
[WhiteTeamCountry "NED"]
[BlackTeamCountry "NED"]

1. c4 d6 2. Nc3 g6 3. g3 Bg7 4. Bg2 e5 5. e3 Nc6 6. Rb1 Be6 7. d3 Qd7 8. b4 Nge7 9. h3 0-0 10. Nge2 Nd8 11. Nd5 Nc8 12. Bb2 c6 13. Ndc3 h6 14. b5 Ne7 15. Qa4 d5 16. bxc6 Ndxc6 17. Ba3 Rfd8 18. 0-0 b6 19. Kh2 Rac8 20. Rfd1 d4 21. exd4 exd4 22. Ne4 Nf5 23. Nf4 Na5 24. Qc2 Be5 25. Qd2 Kg7 26. Rb5 f6 27. Nxe6+ Qxe6 28. Re1 Qd7 29. Bc1 Rh8 30. Kg1 h5 31. Rd5 Qc7 32. f4 Bd6 33. Nxd6 Nxd6 34. Ba3 Rcd8 35. Re6 Nab7 36. f5 Nc5 37. Bxc5 bxc5 38. fxg6 Nc8 39. Qf2 Rdf8 40. Qf5 Ne7 41. Rxe7+ 1-0

[Event "NED-chT 1819"]
[Site "Netherlands"]
[Date "2018.11.24"]
[Round "4.1"]
[White "Hachijan, Armen"]
[Black "Nikolic, Predrag"]
[Result "0-1"]
[WhiteElo "2294"]
[BlackElo "2584"]
[PlyCount "38"]
[EventDate "2018.09.15"]
[EventType "team-tourn"]
[EventRounds "9"]
[EventCountry "NED"]
[SourceTitle "CBM 187 Extra"]
[Source "ChessBase"]
[SourceDate "2018.11.04"]
[SourceVersion "1"]
[SourceVersionDate "2018.11.04"]
[SourceQuality "1"]
[WhiteTeam "Apeldoorn MuConsult"]
[BlackTeam "Leiden LSG"]
[WhiteTeamCountry "NED"]
[BlackTeamCountry "NED"]

1. Nf3 d5 2. g3 g6 3. Bg2 Bg7 4. 0-0 e5 5. d3 Ne7 6. e4 0-0 7. Nbd2 h6 8. Re1 Nbc6 9. b3 d4 10. a4 Be6 11. Nc4 a6 12. Bd2 Qd7 13. a5 Rad8 14. Qc1 Kh7 15. c3 Bg4 16. Qb2 f5 17. Nh4 f4 18. f3 Be6 19. Bf1 g5 0-1

[Event "NED-chT 1819"]
[Site "Netherlands"]
[Date "2018.11.03"]
[Round "3.6"]
[White "Hachijan, Armen"]
[Black "Broekmeulen, Jasper"]
[Result "1-0"]
[WhiteElo "2294"]
[BlackElo "2381"]
[PlyCount "65"]
[EventDate "2018.09.15"]
[EventType "team-tourn"]
[EventRounds "9"]
[EventCountry "NED"]
[SourceTitle "CBM 187 Extra"]
[Source "ChessBase"]
[SourceDate "2018.11.04"]
[SourceVersion "1"]
[SourceVersionDate "2018.11.04"]
[SourceQuality "1"]
[WhiteTeam "Apeldoorn MuConsult"]
[BlackTeam "Calder HMC"]
[WhiteTeamCountry "NED"]
[BlackTeamCountry "NED"]

1. e4 e5 2. Nf3 d6 3. d4 exd4 4. Nxd4 Nf6 5. Nc3 Be7 6. g3 d5 7. e5 Ng4 8. Bg2 0-0 9. 0-0 Nxe5 10. Nxd5 Bc5 11. c3 Bg4 12. Qb3 Nbc6 13. h3 Bxd4 14. hxg4 Bb6 15. Rd1 Qc8 16. Nxb6 axb6 17. f3 Re8 18. Bd2 Qd8 19. Qc2 Qe7 20. Be1 Nc4 21. Bf2 Ne3 22. Bxe3 Qxe3+ 23. Qf2 Qg5 24. Rd7 Re7 25. Rxe7 Qxe7 26. Re1 Qd6 27. f4 h6 28. Qe2 Rd8 29. Bf3 Kf8 30. Rd1 Qc5+ 31. Kg2 Re8 32. Qc2 g6 33. Rd7 1-0

[Event "NED-chT 1718"]
[Site "Netherlands"]
[Date "2017.12.16"]
[Round "5.3"]
[White "Hachijan, Armen"]
[Black "Braun, Christian1111"]
[Result "1/2-1/2"]
[WhiteElo "2288"]
[BlackElo "2369"]
[PlyCount "125"]
[EventDate "2017.09.16"]
[EventType "team-tourn"]
[EventRounds "9"]
[EventCountry "NED"]
[SourceTitle "EXT 2019"]
[Source "ChessBase"]
[SourceDate "2018.10.10"]
[SourceVersion "1"]
[SourceVersionDate "2018.10.10"]
[SourceQuality "1"]
[WhiteTeam "Apeldoorn"]
[BlackTeam "Voerendaal"]
[WhiteTeamCountry "NED"]
[BlackTeamCountry "NED"]

1. Nf3 Nf6 2. g3 g6 3. Bg2 Bg7 4. 0-0 0-0 5. d3 d5 6. Nbd2 Nc6 7. e4 dxe4 8. dxe4 e5 9. Re1 a5 10. a4 b6 11. Bf1 Bb7 12. c3 Nb8 13. Qc2 Nbd7 14. b3 Re8 15. Bb5 Ba6 16. Nc4 Bxb5 17. axb5 Qc8 18. Bg5 Qb7 19. Bxf6 Bxf6 20. Ne3 Bg7 21. Nd5 Nf6 22. Red1 c6 23. Nxf6+ Bxf6 24. Rd6 Re6 25. bxc6 Qe7 26. Rd7 Qc5 27. Qd3 Qxc6 28. Nd2 Be7 29. Nc4 Bc5 30. Kg2 Rae8 31. Qd5 Qxd5 32. Rxd5 Bf8 33. Rb5 Rc8 34. Rxb6 Rxb6 35. Nxb6 Rxc3 36. Rxa5 Rxb3 37. Nd7 Bd6 38. Nf6+ Kf8 39. Nxh7+ Kg7 40. Ng5 Rb7 41. g4 Be7 42. Nf3 f6 43. Ra2 Rb4 44. Re2 Bd6 45. h4 f5 46. gxf5 gxf5 47. exf5 Kf6 48. Rd2 Bb8 49. Rd7 Kxf5 50. h5 e4 51. Nd4+ Kg5 52. Rd5+ Kh6 53. Nc2 Rb7 54. Ne3 Rg7+ 55. Kh3 Rg5 56. Kh4 Rxd5 57. Nxd5 Bh2 58. Ne3 Kg7 59. Kg5 Bg1 60. Ng4 Bxf2 61. Nxf2 e3 62. Nd3 e2 63. Ne1 1/2-1/2

[Event "NED-chT 1617"]
[Site "Netherlands"]
[Date "2016.09.17"]
[Round "1.7"]
[White "Hachijan, Armen"]
[Black "Dek, Lennart"]
[Result "0-1"]
[WhiteElo "2324"]
[BlackElo "2266"]
[PlyCount "58"]
[EventDate "2016.09.17"]
[EventType "team-tourn"]
[EventRounds "9"]
[EventCountry "NED"]
[SourceTitle "CBM 174 Extra"]
[Source "ChessBase"]
[SourceDate "2016.10.10"]
[SourceVersion "1"]
[SourceVersionDate "2016.10.10"]
[SourceQuality "1"]
[WhiteTeam "Apeldoorn"]
[BlackTeam "Kennemer Combinatie"]
[WhiteTeamCountry "NED"]
[BlackTeamCountry "NED"]

1. e4 c5 2. Nf3 Nc6 3. d4 cxd4 4. Nxd4 Nf6 5. Nc3 e5 6. Ndb5 d6 7. Bg5 a6 8. Na3 b5 9. Nd5 Be7 10. Bxf6 Bxf6 11. c3 Ne7 12. Nxf6+ gxf6 13. Bd3 d5 14. Qe2 Be6 15. Nc2 Qb6 16. Nb4 dxe4 17. Bxe4 Rd8 18. Nc2 f5 19. Bf3 e4 20. Bh5 Nd5 21. g3 Nf6 22. Rd1 0-0 23. Rd4 Bxa2 24. g4 f4 25. Rg1 Bb3 26. Na1 Rxd4 27. Nxb3 Rd3 28. g5 Nxh5 29. Qxh5 e3 0-1

[Event "Amsterdam Science Park op-A"]
[Site "Amsterdam"]
[Date "2016.07.16"]
[Round "8"]
[White "Hachijan, Armen"]
[Black "Bezemer, Arno J"]
[Result "0-1"]
[WhiteElo "2330"]
[BlackElo "2278"]
[PlyCount "72"]
[EventDate "2016.07.09"]
[EventType "swiss"]
[EventRounds "9"]
[EventCountry "NED"]
[SourceTitle "CBM 173 Extra"]
[Source "ChessBase"]
[SourceDate "2016.08.29"]
[SourceVersion "1"]
[SourceVersionDate "2016.08.29"]
[SourceQuality "1"]

1. e4 c5 2. Nf3 d6 3. d4 cxd4 4. Nxd4 Nf6 5. Nc3 a6 6. h3 e5 7. Nde2 b5 8. g4 b4 9. Nd5 Nxd5 10. exd5 h5 11. gxh5 Rxh5 12. Be3 Nd7 13. Qd2 Rb8 14. 0-0-0 g6 15. Ng3 Rh8 16. f4 Qh4 17. Ne4 Qd8 18. Re1 Be7 19. Bg2 Kf8 20. Rhf1 f5 21. fxe5 Nxe5 22. Bf4 Nf7 23. Nc5 Qa5 24. Kb1 Qxc5 25. h4 Bf6 26. Re3 Rxh4 27. Rg3 Kg7 28. Be3 Qc7 29. Rg1 Rg4 30. Rh3 Bd7 31. Bh6+ Kg8 32. Rgh1 Re8 33. Bf3 Qc5 34. Qh2 Be5 35. Bf4 Rxf4 36. Rg3 Qd4 0-1

[Event "Amsterdam Science Park op-A"]
[Site "Amsterdam"]
[Date "2015.07.15"]
[Round "5"]
[White "Hachijan, Armen"]
[Black "Lai, Hing Ting"]
[Result "0-1"]
[WhiteElo "2338"]
[BlackElo "2332"]
[PlyCount "86"]
[EventDate "2015.07.11"]
[EventType "swiss"]
[EventRounds "9"]
[EventCountry "NED"]
[SourceTitle "CBM 167 Extra"]
[Source "ChessBase"]
[SourceDate "2015.09.14"]
[SourceVersion "1"]
[SourceVersionDate "2015.09.14"]
[SourceQuality "1"]

1. Nf3 Nf6 2. g3 b6 3. Bg2 Bb7 4. 0-0 g6 5. d3 d5 6. Nbd2 c5 7. e4 Bg7 8. e5 Ng4 9. e6 f5 10. h3 Nf6 11. Ne5 0-0 12. Re1 Ne8 13. Ndf3 Rf6 14. Nf7 Qc8 15. Nh6+ Bxh6 16. Bxh6 Rxe6 17. Ng5 Rxe1+ 18. Qxe1 Qd7 19. c4 Nf6 20. d4 cxd4 21. cxd5 Bxd5 22. Rc1 Na6 23. Bxd5+ Nxd5 24. Qe2 Nc5 25. b4 Nxb4 26. Qc4+ Nd5 27. Re1 e6 28. Qxd4 Re8 29. h4 Nc7 30. Qf6 Qe7 31. Qc3 Nd5 32. Qd4 Nf6 33. f3 Qd8 34. Qc3 Nh5 35. Kg2 Qd6 36. f4 Qd3 37. Qxd3 Nxd3 38. Rd1 Nc5 39. Rd6 Nf6 40. Nf3 Ng4 41. Bg5 h6 42. Rd8 Kf7 43. Bf6 Nxf6 0-1

[Event "Amsterdam Science Park op-A"]
[Site "Amsterdam"]
[Date "2014.07.07"]
[Round "3"]
[White "Van den Doel, Erik"]
[Black "Hachijan, Armen"]
[Result "1-0"]
[WhiteElo "2547"]
[BlackElo "2257"]
[PlyCount "80"]
[EventDate "2014.07.05"]
[EventType "swiss"]
[EventRounds "9"]
[EventCountry "NED"]
[SourceTitle "CBM 161 Extra"]
[Source "ChessBase"]
[SourceDate "2014.08.29"]
[SourceVersion "1"]
[SourceVersionDate "2014.08.29"]
[SourceQuality "1"]

1. e4 d6 2. d4 Nf6 3. Nd2 g6 4. Ngf3 Bg7 5. Bd3 0-0 6. 0-0 Nbd7 7. e5 Nd5 8. Re1 dxe5 9. dxe5 Nc5 10. Bf1 b6 11. Nb3 Ne6 12. Nbd4 Nxd4 13. Qxd4 h5 14. Bc4 c6 15. h3 Bf5 16. Bb3 Qd7 17. Qh4 a5 18. Bd2 Rfd8 19. Rad1 Ra7 20. a3 Qc8 21. c4 a4 22. Ba2 Nc7 23. Qxe7 Re8 24. Qh4 c5 25. Be3 Ne6 26. Rd6 Qb8 27. Red1 Rae7 28. Qg3 Qb7 29. Nh4 Bc2 30. R1d2 Qe4 31. Nf3 Bb3 32. Bxb3 axb3 33. Qh4 Qb1+ 34. Kh2 Rb7 35. R6d3 Nf8 36. Rxb3 Qf5 37. Qf4 Qe6 38. Bxc5 Qc6 39. Bxf8 Rxf8 40. Rb5 Re8 1-0

[Event "Amsterdam Science Park op-A"]
[Site "Amsterdam"]
[Date "2014.07.06"]
[Round "2"]
[White "Hachijan, Armen"]
[Black "Maddens, Martijn"]
[Result "1-0"]
[WhiteElo "2257"]
[BlackElo "2015"]
[PlyCount "37"]
[EventDate "2014.07.05"]
[EventType "swiss"]
[EventRounds "9"]
[EventCountry "NED"]
[SourceTitle "CBM 161 Extra"]
[Source "ChessBase"]
[SourceDate "2014.08.29"]
[SourceVersion "1"]
[SourceVersionDate "2014.08.29"]
[SourceQuality "1"]

1. Nf3 d5 2. g3 g6 3. Bg2 Bg7 4. 0-0 Nf6 5. d3 0-0 6. Nbd2 c5 7. e4 e6 8. Re1 b6 9. e5 Nfd7 10. Nf1 Nc6 11. Bf4 f6 12. exf6 Qxf6 13. Qe2 Bb7 14. Qxe6+ Qxe6 15. Rxe6 Bxb2 16. Rae1 Rf6 17. Ng5 Nd4 18. Re7 Bc6 19. Rxd7 1-0

[Event "NED-chT 1314"]
[Site "Netherlands"]
[Date "2014.03.08"]
[Round "6.7"]
[White "Schoorl, Rob"]
[Black "Hachijan, Armen"]
[Result "1-0"]
[WhiteElo "2301"]
[BlackElo "2239"]
[PlyCount "55"]
[EventDate "2013.09.21"]
[EventType "team-tourn"]
[EventRounds "9"]
[EventCountry "NED"]
[SourceTitle "EXT 2015"]
[Source "ChessBase"]
[SourceDate "2014.11.20"]
[SourceVersion "1"]
[SourceVersionDate "2014.11.20"]
[SourceQuality "1"]
[WhiteTeam "Calder HMC"]
[BlackTeam "Apeldoorn"]
[WhiteTeamCountry "NED"]
[BlackTeamCountry "NED"]

1. e4 c5 2. Nf3 e6 3. d4 cxd4 4. Nxd4 a6 5. Nc3 d6 6. g4 b5 7. Bg2 Bb7 8. g5 Ne7 9. h4 h5 10. gxh6 gxh6 11. Qh5 Bg7 12. Nxe6 Bxc3+ 13. bxc3 Qc8 14. Ng7+ Kf8 15. Bb2 Rh7 16. c4 bxc4 17. Bc3 Rxg7 18. Bh3 Qc6 19. Bxg7+ Kxg7 20. Rg1+ Ng6 21. Bf5 d5 22. Rb1 Nd7 23. Bxg6 fxg6 24. Rxb7 Qxb7 25. Rxg6+ Kf8 26. Qxh6+ Ke7 27. Qg5+ Kf7 28. Rg7+ 1-0

[Event "NED-chT 1314"]
[Site "Netherlands"]
[Date "2014.01.04"]
[Round "4.9"]
[White "Kevlishvili, Robby"]
[Black "Hachijan, Armen"]
[Result "0-1"]
[WhiteElo "2056"]
[BlackElo "2216"]
[PlyCount "86"]
[EventDate "2013.09.21"]
[EventType "team-tourn"]
[EventRounds "9"]
[EventCountry "NED"]
[SourceTitle "EXT 2015"]
[Source "ChessBase"]
[SourceDate "2014.11.20"]
[SourceVersion "1"]
[SourceVersionDate "2014.11.20"]
[SourceQuality "1"]
[WhiteTeam "Rotterdam"]
[BlackTeam "Apeldoorn"]
[WhiteTeamCountry "NED"]
[BlackTeamCountry "NED"]

1. e4 d6 2. d4 Nf6 3. Nc3 e5 4. Nge2 Be7 5. g3 0-0 6. Bg2 Nbd7 7. 0-0 Re8 8. h3 Bf8 9. g4 exd4 10. Qxd4 g6 11. Ng3 Bg7 12. Qd1 Nb6 13. Kh1 Nfd7 14. f4 Nc5 15. Qf3 Bd7 16. f5 Qh4 17. f6 Bh6 18. Nd5 Bxc1 19. Raxc1 Nxe4 20. Nxe4 Nxd5 21. Nxd6 Bc6 22. Nxe8 Nf4 23. Qxf4 Qxh3+ 24. Qh2 Bxg2+ 25. Kg1 Bxf1 26. Qxh3 Bxh3 27. Nxc7 Rd8 28. Re1 Bxg4 29. Re7 h5 30. Nb5 a6 31. Nc3 Bf3 32. Kf2 Bc6 33. Ne4 Bxe4 34. Rxe4 Rd6 35. Rb4 Rxf6+ 36. Kg3 b6 37. a4 Kg7 38. a5 bxa5 39. Rd4 Rc6 40. c4 a4 41. Kf4 Kf6 42. Ke4 Ke6 43. Ke3 f5 0-1

[Event "Amsterdam Science Park op-A 3rd"]
[Site "Amsterdam"]
[Date "2013.07.10"]
[Round "5"]
[White "Sumets, Andrey"]
[Black "Hachijan, Armen"]
[Result "1-0"]
[WhiteElo "2583"]
[BlackElo "2214"]
[PlyCount "61"]
[EventDate "2013.07.06"]
[EventType "swiss"]
[EventRounds "9"]
[EventCountry "NED"]
[SourceTitle "CBM 155 Extra"]
[Source "ChessBase"]
[SourceDate "2013.08.26"]
[SourceVersion "1"]
[SourceVersionDate "2013.08.26"]
[SourceQuality "1"]

1. d4 Nf6 2. c4 g6 3. Nc3 Bg7 4. e4 d6 5. Nf3 0-0 6. Be2 e5 7. 0-0 Nc6 8. d5 Ne7 9. b4 Nh5 10. g3 f5 11. Ng5 Nf6 12. Bf3 c6 13. Bg2 h6 14. Ne6 Bxe6 15. dxe6 Nxe4 16. Nxe4 fxe4 17. b5 d5 18. Ba3 Re8 19. bxc6 bxc6 20. Qa4 Bf8 21. Bxe7 Qxe7 22. Qxc6 dxc4 23. Bh3 Qf6 24. Qxc4 Rac8 25. Qxe4 Bc5 26. Rad1 Bd4 27. Kg2 Rc3 28. f4 Re3 29. Qc2 Qg7 30. Kh1 Rb8 31. fxe5 1-0

[Event "Hilversum op-A"]
[Site "Hilversum"]
[Date "2013.06.22"]
[Round "2"]
[White "Hachijan, Armen"]
[Black "Miezis, Normunds"]
[Result "0-1"]
[WhiteElo "2217"]
[BlackElo "2548"]
[PlyCount "88"]
[EventDate "2013.06.21"]
[EventType "swiss"]
[EventRounds "6"]
[EventCountry "NED"]
[SourceTitle "CBM 155 Extra"]
[Source "ChessBase"]
[SourceDate "2013.08.26"]
[SourceVersion "1"]
[SourceVersionDate "2013.08.26"]
[SourceQuality "1"]

1. e4 c5 2. Nf3 e6 3. d4 cxd4 4. Nxd4 a6 5. Bd3 Nc6 6. Nxc6 dxc6 7. Nd2 Qc7 8. 0-0 Nf6 9. Qf3 Bd6 10. Kh1 b5 11. Qh3 e5 12. Qh4 h6 13. Nb3 Be6 14. Be2 Ke7 15. f3 Rhb8 16. Qe1 c5 17. c4 bxc4 18. Nd2 c3 19. bxc3 c4 20. f4 exf4 21. Bxc4 Kf8 22. e5 Bxe5 23. Ba3+ Bd6 24. Bxd6+ Qxd6 25. Bxe6 Qxe6 26. Qxe6 fxe6 27. Rxf4 Rb2 28. Nb3 Rc8 29. Rf3 e5 30. Re3 e4 31. Nd4 Rc4 32. Re2 Rb8 33. Rc2 Kg8 34. Kg1 a5 35. Nf5 Nd5 36. Nd6 Rxc3 37. Re2 e3 38. g3 Rb6 39. Ne4 Rd3 40. Kg2 Rd4 41. Kf3 Re6 42. Nc5 Rf6+ 43. Kg2 Rd2 44. Rae1 Nc3 0-1

[Event "Bussum op 30th"]
[Site "Bussum"]
[Date "2013.05.19"]
[Round "3"]
[White "De Bruijn, Aad"]
[Black "Hachijan, Armen"]
[Result "1/2-1/2"]
[WhiteElo "1987"]
[BlackElo "2231"]
[PlyCount "95"]
[EventDate "2013.05.18"]
[EventType "swiss"]
[EventRounds "7"]
[EventCountry "NED"]
[SourceTitle "CBM 154 Extra"]
[Source "ChessBase"]
[SourceDate "2013.06.25"]
[SourceVersion "2"]
[SourceVersionDate "2013.06.25"]
[SourceQuality "1"]

1. e4 c5 2. Nf3 d6 3. d4 cxd4 4. Nxd4 Nf6 5. Nc3 a6 6. Be2 e6 7. 0-0 Be7 8. a4 Nc6 9. Be3 0-0 10. Kh1 Qc7 11. f4 Re8 12. Nb3 b6 13. Bf3 Rb8 14. Qe1 Na5 15. Nd2 Bf8 16. Qf2 Nd7 17. Rac1 g6 18. f5 Ne5 19. fxg6 fxg6 20. Be2 Bg7 21. Qh4 Nac4 22. Nxc4 Nxc4 23. Bxc4 Qxc4 24. Bh6 Rb7 25. Bxg7 Rxg7 26. Qf6 Qc7 27. Rcd1 Qd8 28. Qxd8 Rxd8 29. e5 d5 30. Ne4 Rc7 31. Nd6 Rxc2 32. Rc1 Rxc1 33. Rxc1 Bd7 34. b3 d4 35. Kg1 d3 36. Kf2 d2 37. Rd1 Bc6 38. Rxd2 Bd5 39. Rd3 Rf8+ 40. Kg3 Rf1 41. Rc3 Rb1 42. Rc8+ Kg7 43. Rc7+ Kh6 44. Kg4 g5 45. Nf7+ Kg6 46. Nh8+ Kh6 47. Nf7+ Kg7 48. Kh3 1/2-1/2

[Event "BL2-West 1213"]
[Site "Germany"]
[Date "2013.03.17"]
[Round "8.6"]
[White "Hachijan, Armen"]
[Black "Hainke, Guntram"]
[Result "1/2-1/2"]
[WhiteElo "2196"]
[BlackElo "2318"]
[PlyCount "137"]
[EventDate "2012.10.14"]
[EventType "team-tourn"]
[EventRounds "9"]
[EventCountry "GER"]
[SourceTitle "CBM 154 Extra"]
[Source "ChessBase"]
[SourceDate "2013.06.25"]
[SourceVersion "2"]
[SourceVersionDate "2013.06.25"]
[SourceQuality "1"]
[WhiteTeam "Emsdetten Turm II"]
[BlackTeam "Godesberg"]
[WhiteTeamCountry "GER"]
[BlackTeamCountry "GER"]

1. e4 e6 2. d4 d5 3. Nc3 Bb4 4. e5 c5 5. a3 Bxc3+ 6. bxc3 Ne7 7. Qg4 0-0 8. Bd3 f5 9. exf6 Rxf6 10. Bg5 Rf7 11. Qh5 g6 12. Qd1 Qa5 13. Qd2 Nbc6 14. Nf3 Bd7 15. Ne5 Nxe5 16. dxe5 Nc6 17. Bf6 Raf8 18. 0-0 c4 19. Be2 b5 20. Qe3 Rxf6 21. exf6 Rxf6 22. Rfe1 Qb6 23. a4 Qxe3 24. fxe3 b4 25. cxb4 Nxb4 26. Rec1 a5 27. e4 Kf7 28. c3 Na6 29. exd5 exd5 30. Bf3 Rd6 31. Rf1 Ke7 32. Rae1+ Kd8 33. Re5 Nc7 34. Ra1 Bc6 35. Kf2 Na6 36. Bd1 Rf6+ 37. Ke3 Kd7 38. Bc2 Kd6 39. Rg5 Nc5 40. h4 Re6+ 41. Kf2 Rf6+ 42. Kg3 Ne6 43. Rg4 Be8 44. Rd1 Kc5 45. h5 gxh5 46. Rg8 Bc6 47. Bxh7 h4+ 48. Kg4 Rf4+ 49. Kh5 Rf7 50. Bg6 Rf2 51. Bh7 Nf4+ 52. Kxh4 Nxg2+ 53. Kg3 Ne3 54. Rg1 Rf6 55. Rc8 Rf7 56. Bg6 Rf6 57. Be8 Nf5+ 58. Kg2 Ne7 59. Rd8 Rf8 60. Re1 Rxe8 61. Rxe8 Bxe8 62. Rxe7 Bxa4 63. Kf2 Bc6 64. Ke3 a4 65. Kd2 d4 66. cxd4+ Kxd4 67. Rc7 c3+ 68. Kc1 Bb5 69. Rxc3 1/2-1/2

[Event "BL2-West 1213"]
[Site "Germany"]
[Date "2013.02.24"]
[Round "7.5"]
[White "Hachijan, Armen"]
[Black "Mainka, Romuald"]
[Result "1/2-1/2"]
[WhiteElo "2196"]
[BlackElo "2441"]
[PlyCount "103"]
[EventDate "2012.10.14"]
[EventType "team-tourn"]
[EventRounds "9"]
[EventCountry "GER"]
[SourceTitle "CBM 154 Extra"]
[Source "ChessBase"]
[SourceDate "2013.06.25"]
[SourceVersion "2"]
[SourceVersionDate "2013.06.25"]
[SourceQuality "1"]
[WhiteTeam "Emsdetten Turm II"]
[BlackTeam "Dortmund Hansa"]
[WhiteTeamCountry "GER"]
[BlackTeamCountry "GER"]

1. e4 e5 2. Nf3 Nc6 3. Bb5 Nf6 4. d3 d6 5. c3 Be7 6. Nbd2 0-0 7. Nf1 a6 8. Ba4 b5 9. Bb3 Na5 10. Bc2 c5 11. Ng3 Nc6 12. 0-0 Qc7 13. Qe2 d5 14. exd5 Nxd5 15. d4 Nf4 16. Qe3 cxd4 17. cxd4 Nxd4 18. Nxd4 exd4 19. Qe4 Ng6 20. Nh5 Bb7 21. Qxd4 Ne5 22. Re1 Qxc2 23. Qxe5 Qg6 24. Nf4 Qc6 25. Qxe7 Rae8 26. Qb4 g5 27. Bd2 gxf4 28. f3 Qc4 29. Rec1 Qd3 30. Qxf4 Re2 31. Bc3 Qg6 32. Qg4 Rfe8 33. Qxg6+ fxg6 34. Kf1 Bd5 35. b3 R2e7 36. Re1 Rxe1+ 37. Bxe1 Kf7 38. Rd1 Ke6 39. Bb4 Rc8 40. Rd2 Rc7 41. Kf2 Rd7 42. Re2+ Kf7 43. h4 Be6 44. g4 Rd4 45. Bd2 Rd3 46. Kg3 Bd5 47. Be3 a5 48. Rd2 Rxd2 49. Bxd2 a4 50. bxa4 bxa4 51. a3 h5 52. gxh5 1/2-1/2

[Event "Leiden Noteboom Memorial-A 73rd"]
[Site "Leiden"]
[Date "2013.02.09"]
[Round "4"]
[White "Ypma, Peter"]
[Black "Hachijan, Armen"]
[Result "0-1"]
[WhiteElo "2157"]
[BlackElo "2213"]
[PlyCount "64"]
[EventDate "2013.02.08"]
[EventType "swiss"]
[EventRounds "6"]
[EventCountry "NED"]
[SourceTitle "CBM 152 Extra"]
[Source "ChessBase"]
[SourceDate "2013.02.25"]
[SourceVersion "1"]
[SourceVersionDate "2013.02.25"]
[SourceQuality "1"]

1. d4 Nf6 2. c4 g6 3. g3 Bg7 4. Bg2 0-0 5. Nf3 d6 6. Nc3 Nbd7 7. e4 e5 8. d5 Nc5 9. Qc2 a5 10. 0-0 c6 11. Be3 cxd5 12. cxd5 b6 13. a3 a4 14. Bxc5 bxc5 15. Nxa4 Qa5 16. Nc3 Ba6 17. Rfb1 c4 18. Bh3 Ra7 19. Re1 Rb8 20. Na2 Qc5 21. Nb4 Bb5 22. Qc3 Nxe4 23. Rxe4 f5 24. Ng5 fxe4 25. Nxe4 Qb6 26. Be6+ Kh8 27. Qd2 Qd4 28. Qxd4 exd4 29. Nxd6 d3 30. Nxb5 Rxb5 31. d6 Rxb4 32. d7 Bf6 0-1

[Event "NED-chT 1112"]
[Site "Netherlands"]
[Date "2012.03.10"]
[Round "7.10"]
[White "Hachijan, Armen"]
[Black "Besseling, Michiel"]
[Result "1-0"]
[WhiteElo "2188"]
[BlackElo "2203"]
[PlyCount "49"]
[EventDate "2011.09.17"]
[EventType "team-tourn"]
[EventRounds "9"]
[EventCountry "NED"]
[SourceTitle "EXT 2013"]
[Source "ChessBase"]
[SourceDate "2012.11.22"]
[SourceVersion "1"]
[SourceVersionDate "2012.11.22"]
[SourceQuality "1"]
[WhiteTeam "Apeldoorn"]
[BlackTeam "Rotterdam"]
[WhiteTeamCountry "NED"]
[BlackTeamCountry "NED"]

1. e4 c6 2. d3 d5 3. Nd2 e5 4. Ngf3 Bd6 5. g3 Ne7 6. Bg2 0-0 7. 0-0 Nd7 8. Re1 f5 9. exd5 cxd5 10. c4 e4 11. dxe4 dxe4 12. Nxe4 fxe4 13. Qxd6 exf3 14. Rxe7 fxg2 15. Qd5+ Kh8 16. Qg5 Rg8 17. Bd2 Nf6 18. Rae1 h6 19. Qf4 a5 20. Bc3 Ra6 21. c5 Qf8 22. Qh4 Nd5 23. Bxg7+ Rxg7 24. Re8 Rf7 25. Qd8 1-0

[Event "NED-chT 1112"]
[Site "Netherlands"]
[Date "2012.02.11"]
[Round "6.6"]
[White "Pliester, Leon"]
[Black "Hachijan, Armen"]
[Result "1-0"]
[WhiteElo "2392"]
[BlackElo "2188"]
[PlyCount "62"]
[EventDate "2011.09.17"]
[EventType "team-tourn"]
[EventRounds "9"]
[EventCountry "NED"]
[SourceTitle "EXT 2013"]
[Source "ChessBase"]
[SourceDate "2012.11.22"]
[SourceVersion "1"]
[SourceVersionDate "2012.11.22"]
[SourceQuality "1"]
[WhiteTeam "BSG"]
[BlackTeam "Apeldoorn"]
[WhiteTeamCountry "NED"]
[BlackTeamCountry "NED"]

1. e4 c5 2. Nf3 e6 3. d4 cxd4 4. Nxd4 a6 5. Bd3 Bc5 6. Nb3 Be7 7. 0-0 d6 8. f4 Nc6 9. Nc3 Nf6 10. Qe2 Qc7 11. Bd2 0-0 12. Rae1 Rd8 13. e5 Nd7 14. exd6 Bxd6 15. Ne4 Nf8 16. Nxd6 Qxd6 17. Bc3 b5 18. Be4 Bb7 19. Qh5 Rac8 20. f5 exf5 21. Rxf5 Rc7 22. Rd5 Qf4 23. Rxd8 Nxd8 24. Be5 Qxe4 25. Rxe4 Re7 26. Re3 Nde6 27. Bd6 Re8 28. Nc5 Bc8 29. Bxf8 Rxf8 30. Ne4 Rd8 31. Ng5 g6 1-0